Texas True or False? - Statistics

General Stats
  • This quiz has been taken 39,509 times
  • The average score is 10 of 15
Answer Stats
Question Answer % Correct
Texas borders Louisiana True
91%
Texas is landlocked False
88%
Texas is the largest state in the U.S. False
86%
Texas was once an independent country True
86%
There is an actual law enforcement unit called the Texas Rangers True
82%
During the Civil War, Texas was part of the Confederacy True
78%
Rodeos were banned in Texas in 2017 due to animal cruelty concerns False
75%
A bluebonnet is a type of flower True
75%
Austin is the hottest U.S. state capital by average daily temperature False
72%
Texas produces more oil than any other U.S. state True
60%
Elon Musk lives in Texas True
57%
None of the U.S. Presidents "from" Texas were actually born in Texas False
55%
You can legally buy guns from a vending machine in Texas False
47%
The city of Houston takes its name from a Comanche word meaning "meeting place" False
43%
Texas gets more tornadoes than any other U.S. state True
37%
No matching quizzes found
Score Distribution
Percent of People with Each Score
Percentile by Number Answered
Your Score History
You have not taken this quiz